Developmental communication / (Record no. 42089)

MARC details
000 -LEADER
fixed length control field 00726nam a22002057a 4500
005 - DATE AND TIME OF LATEST TRANSACTION
control field 20100816115937.0
010 ## - LCCN (DPL NO)
LC control number ENG-100573
020 ## - INTERNATIONAL STANDARD BOOK NUMBER
International Standard Book Number 9788189012681
Terms of availability 550.00
035 ## - SYSTEM CONTROL NUMBER
System control number EN-84106
037 ## - SOURCE OF ACQUISITION
Source of stock number/acquisition DBAD/PUB
082 ## - DEWEY DECIMAL CLASSIFICATION NUMBER
Classification number 302.2
100 ## - MAIN ENTRY--PERSONAL NAME
Personal name Pushkar,Niranjan
245 ## - TITLE STATEMENT
Title Developmental communication /
Statement of responsibility, etc by Niranjan Pushkar
260 ## - PUBLICATION, DISTRIBUTION, ETC. (IMPRINT)
Place of publication, distribution, etc Delhi
Name of publisher, distributor, etc GNOSIS
Date of publication, distribution, etc 2009
270 ## - ADDRESS
Address E-35/103 Jawahar Park Laxmi Nagar
City Delhi
Postal code 110092
300 ## - PHYSICAL DESCRIPTION
Extent x,227p
Other physical details 21cm(Hb)
500 ## - GENERAL NOTE
General note Includes bibliographical references and index
942 ## - ADDED ENTRY ELEMENTS (KOHA)
Source of classification or shelving scheme Dewey Decimal Classification
Item type English Books
Classification part 302.2
Call number suffix PUS
Holdings
Withdrawn status Lost status Not for loan Collection code Home library Current library Date acquired Source of acquisition Cost, normal purchase price Full call number Barcode Copy number Cost, replacement price Koha item type
    Not For Loan Non-fiction D.B.Act.Division D.B.Act.Division 16/08/2010 DBAD/PUB 550.00 302.2 PUS EN-84106 1 550.00 English Books

© Delhi Public Library
Hit Counter
free hit counter